|
|
|
|
| LEADER |
00000nam0a2200000 4500 |
| 001 |
280336 |
| 005 |
20231101235309.0 |
| 020 |
|
|
|a RU
|b 86-59250
|
| 035 |
|
|
|a (RuTPU)RU\TPU\book\303645
|
| 090 |
|
|
|a 280336
|
| 100 |
|
|
|a 20141226d1986 m y0rusy5003 ca
|
| 101 |
0 |
|
|a rus
|
| 102 |
|
|
|a RU
|
| 105 |
|
|
|a a j 001zy
|
| 200 |
1 |
|
|a Практикум по неорганическому синтезу
|e учебное пособие для техникумов
|f Е. В. Леснова, О. А. Вишнякова
|
| 205 |
|
|
|a 3-е изд., перераб. и доп.
|
| 210 |
|
|
|a Москва
|c Высш. шк.
|d 1986
|
| 215 |
|
|
|a 192 с.
|c ил.
|
| 320 |
|
|
|a Библиогр.: с. 183
|
| 606 |
1 |
|
|a Неорганический синтез
|2 stltpush
|3 (RuTPU)RU\TPU\subj\45480
|9 64685
|
| 610 |
1 |
|
|a лабораторные работы
|
| 610 |
1 |
|
|a проведение
|
| 610 |
1 |
|
|a техника безопасности
|
| 610 |
1 |
|
|a растворы
|
| 610 |
1 |
|
|a приготовление
|
| 610 |
1 |
|
|a адсорбция
|
| 610 |
1 |
|
|a адсорбенты
|
| 610 |
1 |
|
|a неорганические вещества
|
| 610 |
1 |
|
|a очистка
|
| 610 |
1 |
|
|a металлы
|
| 610 |
1 |
|
|a неметаллы
|
| 610 |
1 |
|
|a получение
|
| 610 |
1 |
|
|a оксиды
|
| 610 |
1 |
|
|a гидроксиды
|
| 610 |
1 |
|
|a кислоты
|
| 610 |
1 |
|
|a соли
|
| 610 |
1 |
|
|a лабораторные практикумы
|
| 610 |
1 |
|
|a учебные пособия
|
| 675 |
|
|
|a 546.05(076.5)
|z rus
|v 4
|
| 700 |
|
1 |
|a Леснова
|b Е. В.
|g Екатерина Васильевна
|4 070
|
| 701 |
|
1 |
|a Вишнякова
|b О. А.
|g Ольга Александровна
|4 070
|
| 801 |
|
0 |
|a RU
|b RuMRKP
|c 19950704
|g psbo
|
| 801 |
|
1 |
|a RU
|b 63413507
|c 20141226
|
| 801 |
|
2 |
|a RU
|b 63413507
|c 20180208
|g RCR
|
| 942 |
|
|
|c BK
|